Research methods in Criminal Justice and Criminology / (Record no. 44692)
[ view plain ]
| 000 -LEADER | |
|---|---|
| fixed length control field | 01608nam a22002177a 4500 |
| 003 - CONTROL NUMBER IDENTIFIER | |
| control field | CUTN |
| 005 - DATE AND TIME OF LATEST TRANSACTION | |
| control field | 20250610161013.0 |
| 008 - FIXED-LENGTH DATA ELEMENTS--GENERAL INFORMATION | |
| fixed length control field | 250610b |||||||| |||| 00| 0 eng d |
| 020 ## - INTERNATIONAL STANDARD BOOK NUMBER | |
| International Standard Book Number | 9781774072998 |
| 041 ## - LANGUAGE CODE | |
| Language | English |
| 082 ## - DEWEY DECIMAL CLASSIFICATION NUMBER | |
| Classification number | 364.072 |
| Item number | MAR |
| 100 ## - MAIN ENTRY--PERSONAL NAME | |
| Personal name | Nikolic Marko |
| 245 ## - TITLE STATEMENT | |
| Title | Research methods in Criminal Justice and Criminology / |
| Statement of responsibility, etc | Marko Nikolic |
| 260 ## - PUBLICATION, DISTRIBUTION, ETC. (IMPRINT) | |
| Place of publication, distribution, etc | Canada : |
| Name of publisher, distributor, etc | Society Publishing , |
| Date of publication, distribution, etc | 2020. |
| 300 ## - PHYSICAL DESCRIPTION | |
| Extent | 243p. : |
| Other physical details | ill ; |
| 505 ## - FORMATTED CONTENTS NOTE | |
| Contents | Chapter 1: Criminal Justice: A Global Perspective<br/>Chapter 2: Introduction to Criminology<br/>Chapter 3: Ethics And Criminal Justice Research<br/>Chapter 4: Perceptual Dimensions Of Crime<br/>Chapter 5: Analyzing The Data And Writing Up Criminology Research<br/>Chapter 6: Measuring Crime<br/>Chapter 7: Prevention Of Crime<br/>Chapter 8: Ethical Issues In Social and Behavioral Science Research<br/>Chapter 9: Evidence Of Crime And Its Analysis<br/>Chapter 10: Evaluation of Crime And Criminology Research |
| 520 ## - SUMMARY, ETC. | |
| Summary, etc | The book highlights the critical role of ethics in criminal justice research, explores the perceptual dimensions of crime, and delves into how data is analyzed and utilized in criminological studies. It also discusses various methods of measuring crime, the importance of crime prevention, and the ethical issues inherent in social and behavioral science research. A significant part of the book is dedicated to explaining how evidence of crime is analyzed and how the evaluation of crime is used in criminology research. |
| 650 ## - SUBJECT ADDED ENTRY--TOPICAL TERM | |
| Topical term or geographic name as entry element | Criminology—Research—Methodology |
| 650 ## - SUBJECT ADDED ENTRY--TOPICAL TERM | |
| Topical term or geographic name as entry element | Criminology—Statistical methods |
| 942 ## - ADDED ENTRY ELEMENTS (KOHA) | |
| Source of classification or shelving scheme | Dewey Decimal Classification |
| Koha item type | General Books |
| Withdrawn status | Lost status | Source of classification or shelving scheme | Damaged status | Not for loan | Collection code | Home library | Location | Shelving location | Date of Cataloging | Total Checkouts | Full call number | Barcode | Date last seen | Price effective from | Koha item type |
|---|---|---|---|---|---|---|---|---|---|---|---|---|---|---|---|
| Dewey Decimal Classification | Non-fiction | CUTN Central Library | CUTN Central Library | Social Sciences | 10/06/2025 | 364.072 MAR | 51167 | 10/06/2025 | 10/06/2025 | General Books |
